000 02912cam a22002895a 4500
001 L145259
008 080919s2008 xxkd f f 000 0 eng d
020 _a8389780577
035 _a(Sirsi) u145259
041 0 _aeng
050 0 4 _a658.404 $2 18
100 1 _aEaton, David
245 0 0 _aBusiness management in construction enterprise
260 _aSalford
_bUniversity of Salford
_c2008
300 _a248p.
_bill.
_c23cm.
505 2 _aConstruction organizations: types of construction organizations; organization design; classical organization design; modern organization theory -- Risk management: risk; taxonomy of risks; risk identification -- Value management -- Cost: introduction to newer techniques; genetic algorithms in construction, an introduction; an introduction to fuzzy logic; an introduction to chaos theory; an introduction to complexity theory; the origins and interactions of biomimicry concepts in innovation and change -- Decision making in construction: quantitative decision making, introduction -- Performance, productivity and benchmarking: performance measurement and productivity evaluation; benchmarking - value creation metrics
505 2 _aMarketing: marketing applied to construction industry -- Budgeting in enterprise management: the nature and objectives of budgeting; the business model of construction and assembly enterprises; assembly and construction company budget structure; the enterprise revenues and costs budget; the budget of revenues and expenses of an enterprise -- Construction budgeting: construction costs; the construction budget; cost control for a construction contract; organizational aspects of construction budgeting -- Budget of the contractor's plant and temporary facilities: cost of operation of the depot; the budgeting of the equipment and transport depot; monitoring of activity of the equipment and transport depot -- Control of activity of the enterprise: the nature and system of control of activity of an enterprise; profit and loss account of an enterprise; recording of the enterprise revenues and costs; report on activity of the enterprise
520 _aDetailed textbook on business management in construction enterprise provides readers with the framework with which to describe the business context of construction organisations, recognise the impact of construction organisations on the business performance of the industry and describe appropriate organisational structures within the context of business performance.
520 _aOne of seven titles in the Construction Managers' Library series, a set of manuals conveying all the information necessary to develop civil engineering skills in the field of construction management.
521 _aAdvanced
590 _aKA
651 4 _aEurope
651 4 _aUnited Kingdom
_y
690 _aConstruction management
_96230
700 1 _aKotapski, Roman
942 _n0
999 _c108735
_d108735